Datum a čas kvízu
20.5
Celkem bodů
Celkový počet nahraných bodů na tomto kvízu bez doplňovacích otázek.
9.
Pořadí na kvízu
Konečné umístění týmu na tomto kvízu.
Zaznamenané odpovědi
| # | Otázka | Odpověď | Body | Výsledky |
|---|---|---|---|---|
| 1. | Jiří Langmajer, Zdislava Pokor... | Hejt není názor | 0 | |
| 2. | Která známá sladká pochutina s... | Nutella | 1 | |
| 3. | Legendární americký folkový zp... | Paul Simon | 0 | |
| 4. | Kterému živočichovi, jenž pomá... | A | 0 | |
| 5. | Ze soboty na neděli se v Miami... | Carlos Ulberg | 0 | |
| 6. | Vaším prvním úkolem v dnešním... | 1C 2A 3D 4B | 0 | |
| 7. | Poznejte gangsterku dle stručn... | Dannyho parťáci (Ocean's Eleven) | 1 | |
| 8. | Bud Spencer a Terence Hill spo... | v Itálii | 1 | |
| 9. | Gangster, na kterého se ptáme,... | Jabba Hutt | 0 | |
| 10. | Uveďte jméno i příjmení postav... | John Wick | 0 |